[Event "Titled Tue 26th Aug Early"]
[Site "chess.com INT"]
[Date "2025.08.26"]
[Round "1"]
[White "Zlatin, Alexander"]
[Black "Kishiev, Famil"]
[Result "1-0"]
[WhiteTitle "FM"]
[BlackTitle "CM"]
[WhiteElo "2264"]
[BlackElo "2234"]
[WhiteFideId "2810549"]
[BlackFideId "24248185"]
[EventDate "2025.08.26"]

1. Nf3 Nf6 2. d4 e6 3. c4 d5 4. Nc3 c6 5. cxd5 exd5 6. Bg5 Be7 7. e3 O-O 8. Bd3
Nbd7 9. Qc2 Re8 10. h4 Nf8 11. Ne5 h6 12. O-O-O Be6 13. Bxf6 Bxf6 14. f4 Rc8 15.
g4 c5 16. g5 Be7 17. gxh6 gxh6 18. Rdg1+ Kh8 19. f5 cxd4 20. fxe6 dxc3 21. Nxf7# 1-0

[Event "Titled Tue 26th Aug Early"]
[Site "chess.com INT"]
[Date "2025.08.26"]
[Round "1"]
[White "Buscar, Michael"]
[Black "Bluebaum, Matthias"]
[Result "0-1"]
[BlackTitle "GM"]
[WhiteElo "2015"]
[BlackElo "2660"]
[WhiteFideId "2603616"]
[BlackFideId "24651516"]
[EventDate "2025.08.26"]

1. d4 d5 2. c4 e6 3. Nc3 Bb4 4. Nf3 Nf6 5. g3 dxc4 6. Bg2 Bd7 7. Ne5 Bc6 8. Nxc6
Nxc6 9. Qa4 Nd5 10. Bd2 O-O 11. e4 Nb6 12. Qb5 Nxd4 0-1

[Event "Titled Tue 26th Aug Early"]
[Site "chess.com INT"]
[Date "2025.08.26"]
[Round "1"]
[White "Drozdowski, Kacper"]
[Black "Pandey, Srishti"]
[Result "1-0"]
[WhiteTitle "IM"]
[BlackTitle "WIM"]
[WhiteElo "2450"]
[BlackElo "2202"]
[WhiteFideId "1136720"]
[BlackFideId "35093290"]
[EventDate "2025.08.26"]

1. e4 e5 2. Nf3 Nc6 3. Bc4 Nf6 4. d3 h6 5. c3 d6 6. Bb3 g5 7. h3 Bg7 8. Nbd2 O-O
9. Nf1 g4 10. hxg4 Nxg4 11. Ng3 Be6 12. Nh4 Qf6 13. Nhf5 Bxf5 14. exf5 h5 15.
Rxh5 Nxf2 16. Kxf2 Ne7 17. Bg5 1-0

[Event "Titled Tue 26th Aug Early"]
[Site "chess.com INT"]
[Date "2025.08.26"]
[Round "1"]
[White "Caprio, Guido"]
[Black "Firouzja, Alireza"]
[Result "0-1"]
[WhiteTitle "IM"]
[BlackTitle "GM"]
[WhiteElo "2435"]
[BlackElo "2766"]
[WhiteFideId "834580"]
[BlackFideId "12573981"]
[EventDate "2025.08.26"]

1. d4 Nf6 2. c4 e6 3. Nc3 Bb4 4. e3 O-O 5. Bd3 d5 6. Nf3 dxc4 7. Bxc4 b6 8. O-O
Bb7 9. a3 Bd6 10. Bd3 Nbd7 11. e4 e5 12. d5 c6 13. dxc6 Bxc6 14. b4 a5 15. Qb3
axb4 16. Nb5 Nc5 17. Qxb4 Nxd3 18. Qxd6 Bxb5 0-1

[Event "Titled Tue 26th Aug Early"]
[Site "chess.com INT"]
[Date "2025.08.26"]
[Round "1"]
[White "Illingworth, Max"]
[Black "Parfenov, Viktor N."]
[Result "1-0"]
[WhiteTitle "GM"]
[BlackTitle "CM"]
[WhiteElo "2493"]
[BlackElo "2193"]
[WhiteFideId "3205207"]
[BlackFideId "4165969"]
[EventDate "2025.08.26"]

1. e4 e5 2. Nf3 Nf6 3. d4 Nxe4 4. Bd3 Nc6 5. Nxe5 Nxe5 6. dxe5 Nc5 7. Bc4 d6 8.
Qf3 Be6 9. Bxe6 Nxe6 10. Qxb7 dxe5 11. Qc6+ Ke7 12. Nc3 f6 13. Be3 Kf7 14. Rd1
Qe8 15. Rd7+ Kg8 16. O-O h5 17. Rfd1 Kh7 18. Nd5 Bd6 19. Nxf6+ 1-0

[Event "Titled Tue 26th Aug Early"]
[Site "chess.com INT"]
[Date "2025.08.26"]
[Round "1"]
[White "Brodowski, Piotr"]
[Black "Mecit, Emre"]
[Result "1-0"]
[WhiteTitle "IM"]
[WhiteElo "2457"]
[BlackElo "2007"]
[WhiteFideId "1124480"]
[BlackFideId "6304214"]
[EventDate "2025.08.26"]

1. g3 Nf6 2. Bg2 g6 3. f4 Bg7 4. Nf3 O-O 5. O-O d6 6. d3 c5 7. e4 Nc6 8. Nc3 Rb8
9. h3 b5 10. g4 b4 11. Ne2 Bd7 12. f5 e6 13. g5 Ne8 14. f6 Bh8 15. Bf4 Nxf6 16.
gxf6 Qxf6 17. Bxd6 1-0

[Event "Titled Tue 26th Aug Early"]
[Site "chess.com INT"]
[Date "2025.08.26"]
[Round "1"]
[White "Khumalo, Keith"]
[Black "Issabayev, Dias"]
[Result "1-0"]
[WhiteTitle "CM"]
[BlackTitle "FM"]
[WhiteElo "2167"]
[BlackElo "2203"]
[WhiteFideId "14319470"]
[BlackFideId "13703110"]
[EventDate "2025.08.26"]

1. d4 Nf6 2. c4 c5 3. d5 b5 4. Qc2 bxc4 5. e4 d6 6. Bxc4 g6 7. Nf3 Bg7 8. h3 O-O
9. O-O Ba6 10. Na3 Bxc4 11. Nxc4 Na6 12. a3 Rb8 13. Rd1 Nc7 14. Na5 Rb6 15. Rb1
Nb5 16. Nc4 Rb8 17. e5 Nd7 18. Bg5 Nxe5 19. Nfxe5 Bxe5 20. Nxe5 dxe5 21. Qxc5
Nd4 22. Bxe7 1-0

[Event "Titled Tue 26th Aug Early"]
[Site "chess.com INT"]
[Date "2025.08.26"]
[Round "1"]
[White "Smieszek, Wojciech"]
[Black "Rahman, Masruri"]
[Result "0-1"]
[WhiteTitle "CM"]
[BlackTitle "IM"]
[WhiteElo "2141"]
[BlackElo "2407"]
[WhiteFideId "1156047"]
[BlackFideId "7101163"]
[EventDate "2025.08.26"]

1. e4 e6 2. d4 d5 3. Bd3 dxe4 4. Bxe4 Nf6 5. Bf3 c5 6. Ne2 Nc6 7. Be3 cxd4 8.
Nxd4 Nxd4 9. Qxd4 Qxd4 10. Bxd4 Bb4+ 11. c3 Be7 12. O-O O-O 13. Nd2 Rd8 14. Rad1
Bd7 15. Ne4 Nxe4 16. Bxe4 Ba4 17. b3 Bc6 18. Bxc6 bxc6 19. c4 f6 20. f3 Kf7 21.
Kf2 Rxd4 22. Rxd4 Bc5 23. Rd1 e5 0-1

[Event "Titled Tue 26th Aug Early"]
[Site "chess.com INT"]
[Date "2025.08.26"]
[Round "1"]
[White "Brown, Akeem"]
[Black "Novosel, Lovro"]
[Result "0-1"]
[WhiteTitle "CM"]
[BlackTitle "FM"]
[WhiteElo "2063"]
[BlackElo "2347"]
[WhiteFideId "7402023"]
[BlackFideId "14547120"]
[EventDate "2025.08.26"]

1. e4 c5 2. Nf3 d6 3. d4 cxd4 4. Nxd4 Nf6 5. Nc3 a6 6. Be3 e5 7. Nb3 Be6 8. f3
h5 9. Nd5 Bxd5 10. exd5 Nbd7 11. Qd2 b6 12. Be2 g6 13. O-O Bg7 14. c4 O-O 15.
Rfd1 Re8 16. Nc1 Qc7 17. b4 a5 18. bxa5 bxa5 19. Nd3 e4 20. Nf2 exf3 21. gxf3
Nc5 22. Rab1 Nfd7 23. Bf1 Ne5 24. f4 Nf3+ 0-1

[Event "Titled Tue 26th Aug Early"]
[Site "chess.com INT"]
[Date "2025.08.26"]
[Round "1"]
[White "Imomkuzieva, Nilufarkhon"]
[Black "Loftgaard, Mikkel Vinh"]
[Result "0-1"]
[WhiteTitle "WFM"]
[BlackTitle "FM"]
[WhiteElo "2105"]
[BlackElo "2281"]
[WhiteFideId "14216736"]
[BlackFideId "1468480"]
[EventDate "2025.08.26"]

1. e4 c5 2. Nf3 e6 3. d4 cxd4 4. Nxd4 Nf6 5. Nc3 Nc6 6. Nxc6 bxc6 7. e5 Nd5 8.
Ne4 Qc7 9. f4 Qb6 10. c4 Ne3 11. Qd3 Bb4+ 12. Bd2 O-O 13. a3 Bxd2+ 14. Qxd2 f5
15. c5 Nxf1 16. Rxf1 Qb5 17. Nd6 Qxc5 18. Rc1 Qb6 19. Rc3 Rb8 20. b3 Ba6 21.
Rff3 Qg1+ 0-1

[Event "Titled Tue 26th Aug Early"]
[Site "chess.com INT"]
[Date "2025.08.26"]
[Round "1"]
[White "Tarhan, Adar"]
[Black "Garcia, Jhoel"]
[Result "1-0"]
[WhiteTitle "IM"]
[BlackTitle "IM"]
[WhiteElo "2474"]
[BlackElo "2277"]
[WhiteFideId "34544712"]
[BlackFideId "3801110"]
[EventDate "2025.08.26"]

1. e4 c5 2. Nf3 a6 3. c3 d5 4. e5 Nc6 5. d4 Bg4 6. dxc5 e6 7. Be3 Nge7 8. Nbd2
Ng6 9. Qa4 Bxf3 10. Nxf3 Be7 11. Bd3 O-O 12. Bxg6 fxg6 13. O-O Rxf3 14. gxf3
Nxe5 15. Kg2 Qf8 16. Qf4 Nf7 17. Qc7 Rb8 18. Rae1 Bd8 19. Qxb8 1-0

[Event "Titled Tue 26th Aug Early"]
[Site "chess.com INT"]
[Date "2025.08.26"]
[Round "1"]
[White "Fellowes, Billy"]
[Black "Marcziter, Dmitrii"]
[Result "1-0"]
[WhiteTitle "CM"]
[BlackTitle "FM"]
[WhiteElo "2122"]
[BlackElo "2188"]
[WhiteFideId "483540"]
[BlackFideId "13900765"]
[EventDate "2025.08.26"]

1. d4 Nf6 2. Nc3 d5 3. Bf4 Bf5 4. Nf3 e6 5. Nb5 Na6 6. e3 c6 7. Nc3 Nb8 8. Ne5
Nbd7 9. g4 Bg6 10. h4 h5 11. Nxg6 fxg6 12. Bd3 Kf7 13. gxh5 gxh5 14. Qf3 Bb4 15.
Rg1 Nf8 16. Be5 Qa5 17. Rxg7+ Kxg7 18. Qxf6+ Kg8 19. Qg7# 1-0

[Event "Titled Tue 26th Aug Early"]
[Site "chess.com INT"]
[Date "2025.08.26"]
[Round "1"]
[White "Krsnik Cohar, Ivan Vihor"]
[Black "Liu, Zachary Hankun"]
[Result "1-0"]
[WhiteTitle "FM"]
[WhiteElo "2362"]
[BlackElo "1998"]
[WhiteFideId "14520044"]
[BlackFideId "2640287"]
[EventDate "2025.08.26"]

1. d4 Nf6 2. Bf4 c5 3. d5 e6 4. Nc3 exd5 5. Nxd5 Nxd5 6. Qxd5 Nc6 7. Nf3 d6 8.
e3 Be6 9. Qd2 Be7 10. Be2 O-O 11. O-O d5 12. c3 Qd7 13. Rfd1 Rfd8 14. Bb5 f6 15.
e4 dxe4 16. Qe1 Qe8 17. Qxe4 Qf7 18. Bxc6 bxc6 19. Re1 Bd5 20. Qxe7 Qg6 21. Bg3
h5 22. Qxc5 Bxf3 23. gxf3 h4 24. Qc4+ 1-0

[Event "Titled Tue 26th Aug Early"]
[Site "chess.com INT"]
[Date "2025.08.26"]
[Round "1"]
[White "Meduri, Aakaash"]
[Black "Liang, Awonder"]
[Result "0-1"]
[BlackTitle "GM"]
[WhiteElo "2043"]
[BlackElo "2696"]
[WhiteFideId "2032252"]
[BlackFideId "2056437"]
[EventDate "2025.08.26"]

1. d4 b6 2. Nf3 Bb7 3. Bf4 e6 4. e3 d6 5. Nbd2 Nd7 6. a4 a6 7. Be2 Be7 8. O-O g5
9. Bg3 h5 10. h3 g4 11. hxg4 hxg4 12. Nh2 Nh6 13. Bxg4 Nxg4 14. Qxg4 Nf6 15. Qe2
Qd7 16. c4 O-O-O 17. a5 Nh5 18. axb6 cxb6 19. e4 Rdg8 20. Qd3 Bh4 21. c5 Nxg3
22. fxg3 Bxg3 23. Ndf3 dxc5 24. Rac1 Kb8 25. Qb3 Bxh2+ 26. Nxh2 Qxd4+ 27. Kh1
Qe5 28. g3 Rxg3 0-1

[Event "Titled Tue 26th Aug Early"]
[Site "chess.com INT"]
[Date "2025.08.26"]
[Round "1"]
[White "Advaitt Srikant Koduri"]
[Black "Buksa, Nataliya"]
[Result "0-1"]
[WhiteTitle "FM"]
[BlackTitle "IM"]
[WhiteElo "2281"]
[BlackElo "2400"]
[WhiteFideId "25185454"]
[BlackFideId "14123622"]
[EventDate "2025.08.26"]

1. d4 d5 2. Nf3 Nf6 3. Bf4 e6 4. e3 c5 5. c3 Nc6 6. Nbd2 cxd4 7. exd4 Nh5 8. Bg3
Bd6 9. Bd3 Nf4 10. Bxf4 Bxf4 11. O-O Bd7 12. Re1 Qf6 13. Qe2 O-O 14. g3 Bh6 15.
Ne5 Rad8 16. f4 g6 17. Ndf3 Bg7 0-1

[Event "Titled Tue 26th Aug Early"]
[Site "chess.com INT"]
[Date "2025.08.26"]
[Round "1"]
[White "Chor, Kevin"]
[Black "Zhigalko, Sergei"]
[Result "0-1"]
[WhiteTitle "CM"]
[BlackTitle "GM"]
[WhiteElo "1966"]
[BlackElo "2572"]
[WhiteFideId "2090740"]
[BlackFideId "13502956"]
[EventDate "2025.08.26"]

1. e4 c5 2. Nf3 Nc6 3. d4 cxd4 4. Nxd4 Nf6 5. Nc3 e5 6. Ndb5 d6 7. Bg5 a6 8. Na3
b5 9. Nd5 Be7 10. Bxf6 Bxf6 11. c3 Bg5 12. g3 Ne7 13. Bg2 O-O 14. O-O Nxd5 15.
exd5 Qb6 16. Nc2 a5 17. Qd3 f5 18. a4 bxa4 19. Rfb1 Bd7 20. Na3 Rab8 21. c4 e4
22. Qe2 Qb3 23. Bf1 f4 24. Nb5 e3 0-1

[Event "Titled Tue 26th Aug Early"]
[Site "chess.com INT"]
[Date "2025.08.26"]
[Round "1"]
[White "Sindarov, Javokhir"]
[Black "Hobaica, Juan Pablo"]
[Result "1-0"]
[WhiteTitle "GM"]
[BlackTitle "IM"]
[WhiteElo "2722"]
[BlackElo "2386"]
[WhiteFideId "14205483"]
[BlackFideId "104159"]
[EventDate "2025.08.26"]

1. e4 e5 2. Nf3 Nf6 3. Nc3 Nc6 4. g3 Bc5 5. Bg2 d6 6. O-O Bg4 7. h3 Be6 8. d3 h6
9. Na4 Qd7 10. Kh2 g5 11. Nd2 h5 12. Nxc5 dxc5 13. Nb3 Bxb3 14. axb3 g4 15. Bg5
Qd6 16. f3 Nh7 17. Bh4 Nd4 18. fxg4 hxg4 19. Qxg4 Kf8 20. Rf2 Rg8 21. Qh5 Rg7
22. Raf1 Qe6 23. c3 Nxb3 24. Bf6 1-0

[Event "Titled Tue 26th Aug Early"]
[Site "chess.com INT"]
[Date "2025.08.26"]
[Round "1"]
[White "Manvelyan, Mikayel"]
[Black "Auribault, Louis"]
[Result "1-0"]
[WhiteTitle "FM"]
[BlackTitle "FM"]
[WhiteElo "2386"]
[BlackElo "2113"]
[WhiteFideId "13310143"]
[BlackFideId "45196591"]
[EventDate "2025.08.26"]

1. d4 Nf6 2. c4 e6 3. Nf3 Bb4+ 4. Nbd2 b6 5. g3 Bxd2+ 6. Bxd2 Bb7 7. Bg2 O-O 8.
O-O Be4 9. Bc3 Qc8 10. Nd2 Bxg2 11. Kxg2 Qb7+ 12. f3 c5 13. e4 d6 14. d5 e5 15.
f4 Nbd7 16. f5 b5 17. b3 bxc4 18. bxc4 Nb6 19. g4 h6 20. h4 h5 21. gxh5 Qa6 22.
Kh3 Qa3 23. Rf3 Qa4 24. Qe2 Nxh5 25. Rg1 Nf4+ 26. Rxf4 1-0

[Event "Titled Tue 26th Aug Early"]
[Site "chess.com INT"]
[Date "2025.08.26"]
[Round "1"]
[White "Owen, Garth I"]
[Black "Raghav V"]
[Result "0-1"]
[WhiteTitle "CM"]
[BlackTitle "FM"]
[WhiteElo "1807"]
[BlackElo "2343"]
[WhiteFideId "10700382"]
[BlackFideId "25922475"]
[EventDate "2025.08.26"]

1. e4 c6 2. d4 d5 3. f3 e6 4. Nc3 Bb4 5. Bf4 Nf6 6. Bd3 dxe4 7. fxe4 Qxd4 8. Ne2
Qb6 9. Be5 Nbd7 10. Bd4 Bc5 11. Bxc5 Nxc5 12. Qd2 e5 13. O-O-O O-O 14. h4 Bg4
15. Rdf1 Rad8 16. Qg5 Nxd3+ 17. cxd3 Bxe2 18. Nxe2 Nd7 19. h5 h6 20. Qd2 Nc5 21.
Qe3 Nxd3+ 0-1

[Event "Titled Tue 26th Aug Early"]
[Site "chess.com INT"]
[Date "2025.08.26"]
[Round "1"]
[White "Ono, David"]
[Black "Motola, Jacopo"]
[Result "0-1"]
[BlackTitle "FM"]
[WhiteElo "2110"]
[BlackElo "2333"]
[WhiteFideId "146943"]
[BlackFideId "863190"]
[EventDate "2025.08.26"]

1. c4 b6 2. Nc3 Bb7 3. Nf3 Nf6 4. e3 c5 5. Be2 e6 6. d4 cxd4 7. exd4 d5 8. O-O
Be7 9. b3 O-O 10. Bb2 Nc6 11. Rc1 Rc8 12. a3 dxc4 13. bxc4 Ba6 14. Nb5 Bxb5 15.
cxb5 Na5 16. Qd3 Qd5 17. Ne5 Qb3 18. Qxb3 Nxb3 19. Rxc8 Rxc8 20. Nc6 Bd6 21. Bf3
Nd2 22. Rc1 Nxf3+ 23. gxf3 Rc7 24. Kf1 Bxh2 25. Ke2 Bd6 26. a4 Nd5 27. Nxa7 Rxa7
28. Rc8+ Bf8 29. Ba3 Ne7 30. a5 Nxc8 0-1

[Event "Titled Tue 26th Aug Early"]
[Site "chess.com INT"]
[Date "2025.08.26"]
[Round "1"]
[White "Logozar, Elijah"]
[Black "Amarasinghe, A A C B"]
[Result "1-0"]
[BlackTitle "CM"]
[WhiteElo "1928"]
[BlackElo "1963"]
[WhiteFideId "30963788"]
[BlackFideId "9901809"]
[EventDate "2025.08.26"]

1. e4 e6 2. d4 d5 3. Nc3 Bb4 4. e5 Ne7 5. a3 Bxc3+ 6. bxc3 c5 7. Qg4 Qc7 8. Bd3
cxd4 9. Ne2 Nbc6 10. cxd4 Bd7 11. c3 O-O 12. h4 f5 13. exf6 Rxf6 14. Bg5 Rf7 15.
Bf4 e5 16. Qh5 g6 17. Bxe5 Nxe5 18. Qxe5 Qxe5 19. dxe5 Nc6 20. f4 Bg4 21. g3 Re8
22. Nd4 Nxd4 23. cxd4 a6 24. Kd2 Rc7 25. Rhc1 Rec8 26. Rxc7 Rxc7 27. Rc1 Rxc1
28. Kxc1 Kf7 29. Kd2 Ke6 30. Kc3 Kd7 31. Kb4 Kc6 32. a4 Bd1 33. a5 Bg4 34. Kc3
Bf3 35. f5 gxf5 36. Bxf5 h6 37. g4 b6 38. axb6 Kxb6 39. g5 hxg5 40. hxg5 Kc7 41.
g6 Bh5 42. g7 Bf7 43. Bh7 Kd7 44. g8=Q Bxg8 45. Bxg8 Ke7 46. Bxd5 1-0

[Event "Titled Tue 26th Aug Early"]
[Site "chess.com INT"]
[Date "2025.08.26"]
[Round "1"]
[White "Shubhi Gupta"]
[Black "Erigaisi, Arjun"]
[Result "0-1"]
[WhiteTitle "WFM"]
[BlackTitle "GM"]
[WhiteElo "2213"]
[BlackElo "2776"]
[WhiteFideId "25195425"]
[BlackFideId "35009192"]
[EventDate "2025.08.26"]

1. d4 d6 2. Nf3 Nd7 3. Nc3 Ngf6 4. e4 e5 5. Bc4 Be7 6. O-O O-O 7. Re1 c6 8. a4
Qc7 9. h3 b6 10. Be3 Bb7 11. Ba2 a6 12. Qd3 b5 13. d5 b4 14. dxc6 Bxc6 15. Nd5
Bxd5 16. Bxd5 Nxd5 17. exd5 f5 18. Qb3 a5 19. Bg5 Nc5 20. Qc4 Bxg5 21. Nxg5 h6
22. Nf3 Rfc8 23. Re2 Qf7 24. Qb5 Qxd5 25. Rd2 Qe6 26. Rad1 Ne4 27. Re2 Rc5 28.
Qb7 Qc8 29. Qe7 Rc7 30. Qh4 Rxc2 31. Rxc2 Qxc2 32. Re1 Qxb2 33. Qe7 Qxf2+ 34.
Kh2 Rf8 35. Rc1 Qg3+ 36. Kg1 Ng5 37. Nxg5 Qe3+ 38. Kh2 Qf4+ 39. g3 Qd2+ 40. Kg1
Qxc1+ 0-1

[Event "Titled Tue 26th Aug Early"]
[Site "chess.com INT"]
[Date "2025.08.26"]
[Round "1"]
[White "Janaszak, Dawid"]
[Black "Keymer, Vincent"]
[Result "0-1"]
[WhiteTitle "FM"]
[BlackTitle "GM"]
[WhiteElo "2306"]
[BlackElo "2730"]
[WhiteFideId "1119206"]
[BlackFideId "12940690"]
[EventDate "2025.08.26"]

1. e4 c6 2. d4 d5 3. exd5 cxd5 4. Bd3 Nf6 5. c3 Bg4 6. Qb3 Qc7 7. Ne2 Bxe2 8.
Bxe2 e6 9. O-O Bd6 10. g3 Nc6 11. Nd2 h5 12. f4 h4 13. Nf3 hxg3 14. hxg3 O-O-O
15. Kg2 Kb8 16. Ne5 Rh7 17. Be3 Rdh8 18. Rh1 Ne4 19. Rxh7 Rxh7 20. Bd3 f5 21.
Bxe4 fxe4 22. Rh1 Rxh1 23. Kxh1 Bxe5 24. fxe5 Qf7 25. Qd1 Ne7 26. Kg2 Nf5 27.
Bf2 Qg6 28. Qh1 e3 29. Be1 Qg4 30. a4 Qe2+ 31. Kh3 g5 32. g4 Nh6 33. Qg1 Qf3+
34. Bg3 Nxg4 35. Qb1 Nf2+ 36. Kh2 Ne4 37. Be1 g4 38. Bh4 Qh3+ 0-1

[Event "Titled Tue 26th Aug Early"]
[Site "chess.com INT"]
[Date "2025.08.26"]
[Round "1"]
[White "Li, Yilin"]
[Black "Moskvin, Anatoly"]
[Result "0-1"]
[WhiteTitle "WFM"]
[BlackTitle "CM"]
[WhiteElo "1921"]
[BlackElo "2192"]
[WhiteFideId "8610410"]
[BlackFideId "24199990"]
[EventDate "2025.08.26"]

1. c4 e5 2. g3 Bc5 3. Bg2 d6 4. e3 Nc6 5. Ne2 Be6 6. b3 d5 7. cxd5 Bxd5 8. O-O
Bxg2 9. Kxg2 Qd3 10. Bb2 O-O-O 11. Nc1 Qg6 12. Qf3 Nf6 13. d3 e4 14. dxe4 Nxe4
15. Ne2 h5 16. Nf4 Qf5 17. h4 Ne5 18. Qe2 g5 19. hxg5 h4 20. gxh4 Rxh4 21. Rh1
Rxh1 22. Kxh1 Qxg5 23. Bxe5 Qxe5 24. Qg4+ f5 0-1

[Event "Titled Tue 26th Aug Early"]
[Site "chess.com INT"]
[Date "2025.08.26"]
[Round "1"]
[White "Pechnikov, Artiom"]
[Black "Gunawardhana, Devindya Oshini"]
[Result "0-1"]
[WhiteTitle "CM"]
[BlackTitle "WIM"]
[WhiteElo "2014"]
[BlackElo "2101"]
[WhiteFideId "24104124"]
[BlackFideId "29941482"]
[EventDate "2025.08.26"]

1. e4 e5 2. Nf3 Nc6 3. Bb5 a6 4. Ba4 g6 5. O-O Bg7 6. Nc3 Nge7 7. Re1 O-O 8. Nd5
d6 9. c3 Nxd5 10. exd5 Ne7 11. d4 Nxd5 12. dxe5 dxe5 13. Nxe5 Be6 14. h3 Qd6 15.
Nc4 Qc5 16. Ne3 Rad8 17. Qf3 Nxc3 18. Ng4 Nxa4 19. Nh6+ Kh8 0-1

[Event "Titled Tue 26th Aug Early"]
[Site "chess.com INT"]
[Date "2025.08.26"]
[Round "1"]
[White "Kvaloy, Aksel Bu"]
[Black "Newansa, M Esandi"]
[Result "1-0"]
[WhiteTitle "IM"]
[BlackTitle "WFM"]
[WhiteElo "2490"]
[BlackElo "1951"]
[WhiteFideId "1528815"]
[BlackFideId "9999060"]
[EventDate "2025.08.26"]

1. d4 d5 2. Nf3 Nf6 3. Bf4 c5 4. e3 Nc6 5. Nbd2 cxd4 6. exd4 g6 7. c3 Bg7 8. Bd3
O-O 9. O-O Nh5 10. Bg3 Nxg3 11. hxg3 Bg4 12. Re1 f6 13. c4 dxc4 14. Bxc4+ Kh8
15. Be6 Bxe6 16. Rxe6 Nxd4 17. Nxd4 Qxd4 18. Nf3 Qxb2 19. Rxe7 Rad8 20. Qe1 f5
21. Rb1 Qxa2 22. Rbxb7 Rg8 23. Rxg7 Rxg7 24. Rxg7 Kxg7 25. Qe7+ Kh6 26. Qxd8 a5
27. Qf8+ Kh5 28. Qe7 Kh6 29. Ne5 a4 30. Nf7+ Kg7 31. Ng5+ Kh6 32. Qxh7+ Kxg5 33.
Qh4# 1-0

[Event "Titled Tue 26th Aug Early"]
[Site "chess.com INT"]
[Date "2025.08.26"]
[Round "1"]
[White "Romero Ruscalleda, Josep"]
[Black "Hovakimyan, Vache"]
[Result "0-1"]
[WhiteTitle "FM"]
[BlackTitle "FM"]
[WhiteElo "2110"]
[BlackElo "2270"]
[WhiteFideId "2231859"]
[BlackFideId "13317288"]
[EventDate "2025.08.26"]

1. e4 c5 2. c3 d5 3. exd5 Qxd5 4. Nf3 Nf6 5. Na3 a6 6. Bc4 Qd8 7. O-O e6 8. Nc2
Be7 9. d4 cxd4 10. Ncxd4 O-O 11. Bf4 b5 12. Bd3 Bb7 13. h3 Nbd7 14. Qe2 Qb6 15.
a4 bxa4 16. Bc2 Nc5 17. Ne5 Bd5 18. Bg5 h6 19. Bxf6 Bxf6 20. Bxa4 Nxa4 21. Nd7
Qxb2 22. Nxf6+ gxf6 23. Qg4+ Kh8 24. Rxa4 Rg8 25. Qf4 Rxg2+ 26. Kh1 Rxf2+ 0-1

[Event "Titled Tue 26th Aug Early"]
[Site "chess.com INT"]
[Date "2025.08.26"]
[Round "1"]
[White "Zdorov, Egor Vit"]
[Black "Pascolini, Nicolas"]
[Result "1-0"]
[WhiteTitle "CM"]
[WhiteElo "2094"]
[BlackElo "2191"]
[WhiteFideId "55688560"]
[BlackFideId "114367"]
[EventDate "2025.08.26"]

1. Nf3 Nc6 2. g3 e5 3. d3 d5 4. Bg2 Bc5 5. O-O Bg4 6. Nxe5 Bxf2+ 7. Rxf2 Nxe5 8.
Nc3 Nf6 9. Bg5 c6 10. Qf1 Qb6 11. Kh1 Nfd7 12. b3 O-O 13. h3 Be6 14. Na4 Qb4 15.
a3 Qd6 16. Bf4 b5 17. Nc3 Qc5 18. Bd2 d4 19. Ne4 Qxc2 20. Bb4 Rfc8 21. Nd6 Rc7
22. Rc1 Qxb3 23. Nxb5 cxb5 24. Rxc7 Bd5 25. Bxd5 Qxd5+ 26. Qg2 Qxg2+ 27. Kxg2 a5
28. Bc5 Nxc5 29. Rxc5 Nd7 30. Rxb5 Nf6 31. Rff5 Re8 32. Rfe5 1-0

[Event "Titled Tue 26th Aug Early"]
[Site "chess.com INT"]
[Date "2025.08.26"]
[Round "1"]
[White "Puzyrevsky, Semyon"]
[Black "Kleibel, Uwe"]
[Result "1-0"]
[WhiteTitle "FM"]
[BlackTitle "FM"]
[WhiteElo "2269"]
[BlackElo "2301"]
[WhiteFideId "24240931"]
[BlackFideId "1270982"]
[EventDate "2025.08.26"]

1. e4 e5 2. Nf3 Nf6 3. Nc3 Bb4 4. d3 Bxc3+ 5. bxc3 d6 6. h3 h6 7. g3 Be6 8. Bg2
Qd7 9. c4 b6 10. Qe2 c5 11. Nh4 g6 12. f4 Nh5 13. Qf3 Nc6 14. f5 Nd4 15. Qf2
Nxg3 16. fxe6 Qxe6 17. Qxg3 Nxc2+ 18. Kd2 Nxa1 19. Bb2 b5 20. Rc1 bxc4 21. dxc4
O-O 22. Bxa1 Rab8 23. Nf5 Kh7 24. Ne3 Rb4 25. Bc3 Ra4 26. Rc2 Rb8 27. h4 h5 28.
Bh3 Qe7 29. Nd5 Qd8 30. Kd3 Rb1 31. Rf2 f5 32. exf5 e4+ 33. Kc2 Qb8 34. Qxg6# 1-0

[Event "Titled Tue 26th Aug Early"]
[Site "chess.com INT"]
[Date "2025.08.26"]
[Round "1"]
[White "Vincenti, Leonardo"]
[Black "Sailer, Mike"]
[Result "1-0"]
[WhiteTitle "CM"]
[WhiteElo "2221"]
[BlackElo "2108"]
[WhiteFideId "28550820"]
[BlackFideId "2012901"]
[EventDate "2025.08.26"]

1. e4 d5 2. exd5 Qxd5 3. Nc3 Qd6 4. d4 c6 5. Nf3 Bg4 6. Be2 Nf6 7. h3 Bxf3 8.
Bxf3 e6 9. O-O Nbd7 10. Re1 Be7 11. Ne4 Nxe4 12. Bxe4 O-O 13. Be3 Nf6 14. Bd3
Qc7 15. Qf3 Bd6 16. Bg5 Nd5 17. Qe4 g6 18. Qh4 Bf4 19. Re4 Bxg5 20. Qxg5 Qe7 21.
Qh6 Qf6 22. Rh4 Qg7 23. Qd2 Rfd8 24. c3 a5 25. Re1 a4 26. Bc4 1-0